000 00832nas a2200277 4500
001 BR9803954
003 BR-BrBNA
005 20231205100848.0
007 ta
008 230509b bl.|||p| |||| 00| 00por d
040 _aBR-BrBNA
_bpor
_cBiblioteca Nacional de Agricultura
041 _a(Pt)
072 _aP34
100 1 _aMartins, M.A.
100 1 _aRead, D.J.
245 1 _aEfeitos da disrupcao do micelio externo de fungos micorrizico-arbusculares sobre o crescimento vegetal
650 _aMicorriza
650 _aFosforo
650 _aMicelio
650 _aCrescimento
650 _aInoculacao
650 _aEnraizamento
773 0 _tPesquisa Agropecuaria Brasileira (Brazil)
_xISSN 0100-204X
_g(Nov 1997), v. 32(11) p. 1183-1189
_wBR9803954
909 _a202311
_bLúcia
_c55
_dLúcia Elande
942 _2AGRIS
_n0
_cANA
999 _c158509
_d158509